| 000 | 00906nam a2200253 a 4500 | ||
|---|---|---|---|
| 005 | 20251205063956.0 | ||
| 008 | 991125c1999 bue 000 0 spa u | ||
| 020 | _a9501255018 (10 dígitos) | ||
| 020 | _a9789501255010 (13 dígitos) | ||
| 035 | _aUPN01000020198 | ||
| 049 | _aCG | ||
| 050 | 4 |
_aLB1026 _bE5.88 |
|
| 245 | 0 | 3 |
_aLa enseñanza para la comprensión : _bvinculación entre la investigación y la práctica / _ccomp. Martha Stone Wiske ; tr. de Cristina Piña. |
| 260 |
_aBuenos Aires : _bPaidós, _c1999. |
||
| 300 | _a446 p. | ||
| 440 | 0 |
_aRedes en educación ; _v1 |
|
| 590 | _aBibliografía Básica (BGTQ) | ||
| 590 | _a(También localizas un ejemplar en el "Area de Reserva") | ||
| 650 | 4 |
_aEducación _xFines y objetivos _94837 |
|
| 650 | 4 |
_aEnseñanza experimental _921471 |
|
| 650 | 4 |
_aPsicología del aprendizaje _95221 |
|
| 700 | 1 |
_aWiske, Martha Stone, _ecomp. |
|
| 905 | _aLibro | ||
| 999 |
_c20198 _d20198 |
||